A holistic approach towards secure and privacy enhanced email system (Record no. 332366)

000 -LEADER
fixed length control field 00514nam a2200145 4500
082 ## - DEWEY DECIMAL CLASSIFICATION NUMBER
Classification number MSIS-6 HAR
100 ## - MAIN ENTRY--PERSONAL NAME
Personal name Haris Javaid
245 ## - TITLE STATEMENT
Title A holistic approach towards secure and privacy enhanced email system
260 ## - PUBLICATION, DISTRIBUTION, ETC.
Place of publication, distribution, etc. Islamabad
Name of publisher, distributor, etc. NUST-SEECS
Date of publication, distribution, etc. 2017
300 ## - PHYSICAL DESCRIPTION
Extent 46p.
Accompanying material CD Includes
856 ## - Uniform Resource Identifier
Uniform Resource Identifier <a href="http://10.250.8.41:8080/xmlui/handle/123456789/21910">http://10.250.8.41:8080/xmlui/handle/123456789/21910</a>
942 ## - ADDED ENTRY ELEMENTS (KOHA)
Source of classification or shelving scheme
Koha item type Thesis
Holdings
Withdrawn status Lost status Source of classification or shelving scheme Damaged status Not for loan Collection code Permanent Location Current Location Shelving location Date acquired Source of acquisition Total Checkouts Full call number Barcode Date last seen Price effective from Koha item type Non-public note
            Central Library (CL) Central Library (CL) General Stacks 12/03/2017 NUST-SEECS   MSIS-6 HAR SEECSP02211 12/03/2017 12/03/2017 Project Report  
            Central Library (CL) Central Library (CL) Thesis 09/02/2019     004 CL-T-3208 09/02/2019 09/02/2019 Thesis Minute Sheet No. 0929/02/CL/Survey/5 dated 23rd April 2024 E-MIN ID 114741
            Central Library (CL) Central Library (CL) Thesis 11/08/2019     005MSIS-6 HAR CL-T-4022 11/08/2019 11/08/2019 Thesis Minute Sheet No. 0929/02/CL/Survey/5 dated 23rd April 2024 E-MIN ID 114741
© 2023 Central Library, National University of Sciences and Technology. All Rights Reserved.